Überlegungen zu den sprachlichen Zeichen im Deutschen

Charakteristika, funkcie a klasifikácia jazykových znakov v komunikatívnych situáciách. Fokus na nemecký jazyk.

Salvato in:
Dettagli Bibliografici
Autore principale: Adamcová, Silvia, 1984-
Natura: Capitolo di libro
Lingua:tedesco
Soggetti:
Tags: Aggiungi Tag
Nessun Tag, puoi essere il primo ad aggiungerne!!

MARC

LEADER 00000naa a2200000 4500
001 0261516
005 20240502074147.5
041 0 |a ger 
044 |a SK 
245 1 0 |a Überlegungen zu den sprachlichen Zeichen im Deutschen  |c Silvia Adamcová 
520 |a Charakteristika, funkcie a klasifikácia jazykových znakov v komunikatívnych situáciách. Fokus na nemecký jazyk. 
610 2 0 |a nemčina 
610 2 0 |a komunikácia 
610 2 0 |a semiotika 
610 2 0 |a jazyky cudzie 
100 1 |a Adamcová, Silvia, 1984-